Biodiversity conservation in German development cooperation (Registro nro. 710)
[ vista simple ]
| 000 -CABECERA | |
|---|---|
| Campo de control | 01053nam a2200277 a 4500 |
| 005 - FECHA Y HORA DE LA ULTIMA TRANSACCION | |
| Campo de control | 20191224041539.0 |
| 008 - ELEMENTOS DE LONGITUD FIJA—INFORMACION GENERAL | |
| Campo de control | 140221b1998 gw ||||fr|||| 00| 0 eng d |
| 040 ## - FUENTE DE CATALOGACIÓN | |
| Agencia catalogadora original | CO-BoIAVH |
| Agencia transcriptora | CO-BoIAVH |
| 041 0# - IDIOMA | |
| Código de idioma para texto/pista de sonido o título separado | Inglés |
| 044 ## - PAÍS DE PUBLICACIÓN | |
| País de publicación | Alemania |
| 082 04 - NUMERO DE CLASIFICACION DECIMAL DEWEY | |
| Número de clasificación | 333.9516 |
| Número del ítem | G37b |
| 110 1# - ASIENTO PRINCIPAL--NOMBRE CORPORATIVO | |
| Nombre corporativo o de jurisdicción como elemento de entrada | Germany Republic |
| Unidad subordinad | , Federal Ministry for Economic Cooperation and Development |
| 9 (RLIN) | 65516 |
| 245 10 - MENCION DE TITULO | |
| Título | Biodiversity conservation in German development cooperation |
| Parte restante del título | implementing the biodiversity convention / |
| 250 ## - MENCION DE EDICION | |
| Mención de edición | Tercera edición |
| 260 ## - PUBLICACION, DISTRIBUCION, ETC. (PIE DE IMPRENTA) | |
| Lugar de publicación, distribución, etc. | Bonn (Alemania) : |
| Nombre del editor, distribuidor, etc. | BMZ : |
| -- | GTZ, |
| Fecha de publicación, distribución, etc. | 1998. |
| 300 ## - DESCRIPCION FISICA | |
| Extensión | 65 páginas ; |
| Dimensiones | 30 x 21 centímetros |
| 611 20 - ASIENTO SECUNDARIO DE MATERIA - NOMBRE DE LA REUNION | |
| Nombre de la reunión o nombre de la jurisdicción como elemento de entrada | Convenio sobre diversidad biológica |
| 9 (RLIN) | 3261 |
| 650 #6 - ASIENTO SECUNDARIO DE MATERIA - TERMINO TEMATICO | |
| Término temático o nombre geográfico como elemento de entrada | Política ambiental |
| 9 (RLIN) | 65517 |
| 650 #6 - ASIENTO SECUNDARIO DE MATERIA - TERMINO TEMATICO | |
| Término temático o nombre geográfico como elemento de entrada | Cooperación internacional |
| 9 (RLIN) | 65518 |
| 650 #6 - ASIENTO SECUNDARIO DE MATERIA - TERMINO TEMATICO | |
| Término temático o nombre geográfico como elemento de entrada | Desarrollo rural |
| 9 (RLIN) | 65519 |
| 650 #6 - ASIENTO SECUNDARIO DE MATERIA - TERMINO TEMATICO | |
| Término temático o nombre geográfico como elemento de entrada | Conservación de la diversidad biológica |
| 9 (RLIN) | 65520 |
| 650 #6 - ASIENTO SECUNDARIO DE MATERIA - TERMINO TEMATICO | |
| Término temático o nombre geográfico como elemento de entrada | Manejo de fauna |
| 9 (RLIN) | 3823 |
| 650 #6 - ASIENTO SECUNDARIO DE MATERIA - TERMINO TEMATICO | |
| Término temático o nombre geográfico como elemento de entrada | Conservación de bosques |
| 9 (RLIN) | 65522 |
| 710 2# - ASIENTO SECUNDARIO - NOMBRE CORPORATIVO | |
| 9 (RLIN) | 14499 |
| Nombre corporativo o de jurisdicción como elemento de entrada | Deutsche Gesellschaft fur Technische Zusammenarbeit (GTZ) |
| 942 ## - ELEMENTOS ADICIONALES (KOHA) | |
| Tipo de ítem | Libro |
| Sistema de clasificación | Dewey Decimal Classification |
| Withdrawn status | Lost status | Sistema de Clasificación | Damaged status | No para préstamo | Colección | Inventariado | Ubicación Permanente | Ubicación actual | Fecha de adquisición | Fuente de Valor | Valor | Total Checkouts | Número topográfico | Inventario / Código de Barras | Date last seen | Ejemplar | Price effective from | Forma de adquisición | Tipo de material |
|---|---|---|---|---|---|---|---|---|---|---|---|---|---|---|---|---|---|---|---|
| Dewey Decimal Classification | General | Inventariado 2017 | Bogotá | Bogotá | 12/05/2005 | 39000.00 | LB-333.9516 G37b | 017945 | 04/12/2012 | Ej. 1 | 04/12/2012 | Libro | |||||||
| Dewey Decimal Classification | General | Inventariado 2017 | Sala Fabio Quevedo | Sala Fabio Quevedo | 07/09/1998 | Hernández Salgar, Ana María | 39000.00 | LB-333.9516 G37b | 001002 | 04/12/2012 | Ej. 2 | 04/12/2012 | Libro |